00542 a2200181 450000100060000002000060000604000220001210000320003424000620006624500570012830000060018536200090019144000230020065000240022394200070024795200890025499900170034354671 a  cAnchieta - Pituba aLívia Lima/ Josie Azevedo10a2ª Avaliação de Língua Portuguesa, II Unidadelpor10a2ª Avaliação de Língua Portuguesa, II Unidade a70 a2016 1aColégio Anchieta 4aLíngua Portuguesa cBK 00104070a91.1b91.1d2023-11-21l0p4044/PITr2023-11-21 18:22:23w2023-11-21yBK c54671d54671